Mejoramiento en el proceso de fermentacion de la planta industrial Destiladora de Miacatlan S.A. de C.V. / Antonio Adulfo Dominguez (Registro nro. 22512)
[ vista simple ]
| 000 -LÍDER | |
|---|---|
| fixed length control field | 00561nam a2200133 4500 |
| 008 - ELEMENTOS DE LONGITUD FIJA -- INFORMACIÓN GENERAL | |
| fixed length control field | 0 2008 0a 000 0mex |
| 050 ## - SIGNATURA TOPOGRAFICA DE LA BIBLIOTECA DEL CONGRESO (LC) | |
| Número de Clasificación | TP155 MR5 A9 2008 |
| 082 ## - NUMERO DE CLASIFICACION DECIMAL DEWEY | |
| Número de Clasificación | 663.59 A9m |
| 100 ## - ASIENTO PRINCIPAL--NOMBRE PERSONAL | |
| Nombre personal | Adulfo Dominguez, Antonio |
| 245 ## - TÍTULO | |
| Título | Mejoramiento en el proceso de fermentacion de la planta industrial Destiladora de Miacatlan S.A. de C.V. / Antonio Adulfo Dominguez |
| 300 ## - DESCRIPCIÓN FÍSICA | |
| Extensión | 46 p. / 28 cm. |
| 502 ## - NOTA DE TESIS | |
| Nota de tesis | Memoria de residencia profesional. Opción x. I.T.Z. (Bioquímica) Ing. Carlos Felipe Cano Ochoa |
| 650 ## - ASIENTO SECUNDARIO DE MATERIA - TERMINO TEMÁTICO | |
| Término temático o nombre geográfico como elemento de entrada | 1. DESTILACION DE AGAVE 2. BEBIDAS |
| No. biblioteca | No. biblioteca | Número de clasificación | Código de barras/Número de adquisición | Número de copia | Tipo de material |
|---|---|---|---|---|---|
| LUIS G. INCLAN | LUIS G. INCLAN | 663.59 A9m | B008-2008 | 1 | Libros |
